000 00413nmm a2200145Ia 4500
008 251105s9999||||xx |||||||||||||||||und||
041 _aspa
100 _aCorbacho, Luís
245 0 _aMi amado Míster B.
264 _a[Madrid, España] :
_bEditorial Egales,
_c2019
300 _a308 páginas
650 _aLatin American narrative
856 _uhttps://public.digitaliapublishing.com/a/158430
942 _cCF
999 _c106642
_d106642